000 00664nam a2200241Ia 4500
005 20250425162516.0
008 250425s9999 xx 000 0 und d
020 _a9789588570532
041 _aspa
082 _a658.421
100 _aCORNELLA, ALFONS
245 0 _aCURSO DE CREATIVIDAD E INNOVACION EMPRESARIAL: LOS CICLOS Y LOS TIMINGS
250 _a1A ED.
260 _aEstados Unidos
_bINFONOMIA
_c2011
260 _aS.L.
300 _a30
500 _aDiferentes sectores, diferentes presiones por innovar
650 _aADMINISTRACION DE EMPRESAS
650 _aINNOVACIONES
710 _aINNOVANT PUBLISHING
942 _c01
010 _a80099
999 _c230656
_d230656